Statistics for Countries Out of Place on the World Map

Click here to take the quiz!

General Stats

  • This quiz has been taken 2,902 times
    (2,366 since last reset)
  • The average score is 8 of 10

Answers on the Map

Answers color-coded by a green-red scale on the quiz's map according to % correct below.
 

Answer Stats

Country% Correct
braBrazil
99%
usaUnited States
99%
ausAustralia
93%
marMorocco
93%
yemYemen
89%
jpnJapan
88%
canCanada
81%
mdgMadagascar
73%
lkaSri Lanka
68%
cpvCape Verde
58%

Score Distribution

Percentile by Number Answered

Percent of People with Each Score

Your Score History

You have not taken this quiz since the last reset